El artista y la filosofía política: el buen gobierno de Ambrogio Lorenzetti
Guardat en:
| Autor principal: | |
|---|---|
| Format: | Llibre |
| Idioma: | espanyol |
| Publicat: |
Madrid
Trotta
2009
|
| Edició: | 1a. ed |
| Col·lecció: | Colección Estructuras y Procesos. Serie Ciencias Sociales
|
| Matèries: | |
| Etiquetes: |
Afegir etiqueta
Sense etiquetes, Sigues el primer a etiquetar aquest registre!
|
MARC
| LEADER | 00000cam a2200000 a 4500 | ||
|---|---|---|---|
| 001 | UCC2884 | ||
| 003 | CL-VaPUC | ||
| 008 | 180323e20090000sp |||||||||||||||||spa|d | ||
| 020 | |a 9788498790337 | ||
| 082 | 0 | 4 | |a 701.1 |b SKI |2 21 |
| 100 | 0 | |a Skinner, Quentin |e author |9 596887 | |
| 245 | 1 | 3 | |a El artista y la filosofía política: el buen gobierno de Ambrogio Lorenzetti |
| 250 | |a 1a. ed | ||
| 300 | |a 149 p | ||
| 942 | |c BK | ||
| 945 | |d 20180323 15:33:00 |a arojas | ||
| 260 | |a Madrid |b Trotta |c 2009 | ||
| 650 | 0 | |a Crítica de arte |9 334590 | |
| 650 | 0 | |a Historia del arte |9 314877 | |
| 650 | 7 | |a FILOSOFIA POLITICA |2 CL-VaPUC |9 596888 | |
| 583 | |a last modification |c 20180323 15:33:00 |k Rodrigo Vera | ||
| 490 | 0 | |a Colección Estructuras y Procesos. Serie Ciencias Sociales | |
| 999 | |c 370797 |d 370795 | ||
| 952 | |0 0 |1 0 |3 erb |4 0 |6 701_100000000000000_SKI_2009 |7 0 |8 A |9 487449 |a BIBHIS |b BIBHIS |i 5458935 |o 701.1 SKI 2009 |p 5458935 |r 2025-01-20 |w 2019-11-24 |y BK |z Catalogado en:20180323 |k HIS | ||